000 00931nmc a2200337 a 4500
003 AR-BaBNM
005 20251128203922.0
008 125019s1993 ||||||||||||||000 | spa||
020 _a950-755-083-6
040 _cAR-BaBNM
100 1 _aPellegrino, Amalia
245 1 0 _aJugando con el volumen
_bde 2 a 6 años
260 _aBuenos Aires
_bBraga
_c1993
300 _a42 p.
_bil.
490 0 _aLineamientos. Cuadernos de orientación educativa
504 _aContiene bibliografía
650 4 _aCREATIVIDAD
650 4 _aJUEGOS EDUCATIVOS
650 4 _aTRABAJOS PRACTICOS
650 4 _aTRABAJO EN MADERA
650 4 _aOBJETIVOS EDUCACIONALES
650 4 _aMATERIAL DIDACTICO
650 4 _aSIGLO VEINTE
653 _aEDUCACION INICIAL
653 _aEDUCACION PLASTICA
653 _aTITERES
700 1 _aSarto, María Teresa
800 1 _aPérez Alvárez, Sergio
_edirector
942 _cBK
998 _cGrace
999 _c5465
_d5465